Mind, perception and science / (Record no. 29090)
[ view plain ]
| 000 -LEADER | |
|---|---|
| fixed length control field | 00720cam a22002411 4500 |
| 001 - CONTROL NUMBER | |
| control field | 29090 |
| 003 - CONTROL NUMBER IDENTIFIER | |
| rucl marc code | BD-RjUL |
| 005 - DATE AND TIME OF LATEST TRANSACTION | |
| control field | 20211209051354.0 |
| 008 - FIXED-LENGTH DATA ELEMENTS--GENERAL INFORMATION | |
| fixed length control field | 140402s1951 enk 000 0 eng |
| 035 ## - SYSTEM CONTROL NUMBER | |
| System control number | (BD-RjUL)29175 |
| System control number | (OCoLC)1291179 |
| 040 ## - CATALOGING SOURCE | |
| Original cataloging agency | DLC |
| Transcribing agency | VtMiM |
| Modifying agency | OCoLC |
| -- | DLC |
| -- | BD-RjUL |
| Language of cataloging | eng |
| 041 ## - LANGUAGE CODE | |
| Language code of text/sound track or separate title | eng |
| 082 00 - DEWEY DECIMAL CLASSIFICATION NUMBER | |
| Classification number | 152.7 |
| Author mark and year | BRM 1951 |
| 100 1# - MAIN ENTRY--PERSONAL NAME | |
| Personal name | Brain, W. Russell Brain |
| Fuller form of name | (Walter Russell Brain), |
| Dates associated with a name | 1895-1966. |
| 9 (RLIN) | 88843 |
| 245 10 - TITLE STATEMENT | |
| Title | Mind, perception and science / |
| Statement of responsibility, etc. | W Russell Brain Brain. |
| 260 ## - PUBLICATION, DISTRIBUTION, ETC. (IMPRINT) | |
| Place of publication, distribution, etc. | Oxford : |
| Name of publisher, distributor, etc. | Blackwell Scientific Publications, |
| Date of publication, distribution, etc. | 1951. |
| 300 ## - PHYSICAL DESCRIPTION | |
| Pagination | 90 p. ; |
| Size | 20 cm. |
| 650 #0 - SUBJECT ADDED ENTRY--TOPICAL TERM | |
| Topical term or geographic name as entry element | Perception. |
| 9 (RLIN) | 88844 |
| 942 ## - ADDED ENTRY ELEMENTS (KOHA) | |
| Source of classification or shelving scheme | Dewey Decimal Classification |
| Koha item type | Books |
| Lost status | Source of classification or shelving scheme | Damaged status | Not for loan | Permanent Location | Current Location | Shelving location | Date acquired | Source of acquisition | Cost, normal purchase price | Total Checkouts | Full call number | Date last seen | Copy number | Koha item type |
|---|---|---|---|---|---|---|---|---|---|---|---|---|---|---|
| Dewey Decimal Classification | Added to bundle | Central Library, University of Rajshahi | Central Library, University of Rajshahi | Reading Room | 06/05/1966 | Govt. Australia | 0.00 | 152.7 BRM 1951 | 02/04/2014 | C-1 | Books |